000 00470nam a2200229Ia 4500
003 OSt
005 20220924142832.0
006 a|||||r|||| 00| 0
007 ta
008 ASM
020 _c31
024 _a303453
037 _cTextual
040 _aARTS
_cARTS
_bASM
041 _2ASM
_aASM
082 _aL, 158N2
245 0 _aCancer
260 _c1992
650 _aMEDICINE
_94387
942 _hL, 158N2
_cTEXL
_2CC
999 _c452108
_d452108